| 000 | 00672nam a2200217 a 4500 | ||
|---|---|---|---|
| 001 | 000019702 | ||
| 005 | 20200929170116.0 | ||
| 008 | 100702r19581985dr 000 0 spa d | ||
| 020 | _a968161982x | ||
| 040 |
_aDO-SdBNP _bspa _cBNPHU |
||
| 082 |
_a928.6 _bA997p |
||
| 100 | 1 |
_aAzuela, Mariano, _942147 |
|
| 245 | 1 | 0 |
_aPáginas autobiográficas / _cMariano Azuela ; prólogo de Francisco Monterde. |
| 260 |
_aMéxico : _bFondo de Cultura Económica, _c1958. |
||
| 300 |
_a276 p. ; _c17 cm. |
||
| 490 | 1 |
_aPopular _v134 |
|
| 600 | 1 | 0 |
_aAZUELA, MARIANO _d1873-1952 _924244 |
| 700 | 1 |
_aMonterde, Francisco, _epról. _942148 |
|
| 830 | 0 |
_aPopular ; _v134 _913374 |
|
| 049 | _aBNGR | ||
| 999 |
_c19217 _d19217 |
||